000 00516nam a2200205Ia 4500
003 OSt
005 20230329105435.0
008 210423s2008 xx 000 0 und d
040 _cAL
041 _aeng
082 _a658 BHAV
100 _aBHALLA (V K).
_979475
245 _aWorking capital management: text and cases.
250 _a9
260 _bAffiliated East West Press Ltd
_c2008
300 _axv,948
365 _b495
_cINR
906 _acapital ; cases. ; management: ; Working
942 _2ddc
_cBK
999 _c156360
_d156360